000 00509cam a2200193 a 4500
001 sa 68009813
003 DLC
005 20260227112547.0
008 971212s1968 ii 000 0 beno
010 _asa 68009813
040 _aDLC
_cDLC
_dDLC
050 0 0 _aPK1718.B39
_bR8
100 1 _aBasu, Samareśa,
_d1924-1988.
245 1 0 _aRupakathā /
_cSamareśa Basu.
260 _aKalikātā :
_bMausumī Prakāśanī,
_c1375 [1968]
300 _a129 p. ;
_c23 cm.
546 _aIn Bengali.
500 _aNovel.
999 _c83159
_d83159